|
|
|
|
| LEADER |
00814nam a2200205 a 4500 |
| 001 |
000617059 |
| 003 |
CZ BrMZK |
| 005 |
20020815153005.0 |
| 008 |
020815s1961 xr f cze d |
| 040 |
|
|
|a BOA001
|b cze
|c BOA001
|
| 100 |
1 |
|
|a Němec, Jiří,
|d 1940-
|7 jk01083070
|4 aut
|
| 245 |
1 |
0 |
|a Sklidit včas a beze ztrát :
|b zkušenosti sovětského obilnářství s novou technologií sklizně /
|c Jiří Němec
|
| 260 |
|
|
|a Praha :
|b Svět sovětů,
|c 1961
|
| 300 |
|
|
|a 15 s.
|
| 490 |
1 |
|
|a Poznáváme Sovětský svaz ;
|v 7/1961
|
| 830 |
|
0 |
|a Poznáváme Sovětský svaz
|
| 910 |
|
|
|a BOA001
|b X-0451.764
|
| 990 |
|
|
|a BK
|
| 996 |
7 |
|
|b 2618961165
|c X-0451.764
|l MZK
|r Sklad / do 24 hodin
|n 0
|w 000617059
|u 000010
|a 1
|e BOA001
|j MZK50
|s A
|
| 996 |
6 |
|
|b 2618961166
|c X-0451.764
|l MZK
|r Sklad / do 24 hodin
|n 0
|w 000617059
|u 000020
|a 1
|e BOA001
|j MZK50
|s P
|